000 00349 a2200169 4500
001 171799
020 _a85-08-00114-2
040 _cMagnum
100 _aBrasil, Assis
240 1 0 _aTonico e carniça
_lpor
245 1 0 _aTonico e carniça
300 _a79
362 0 _a1994
440 1 _aÁtica
697 _aLITERATURA JUVENIL
942 _cBK
999 _c171799
_d171799